00720nam a2200241 a 4500001001300000003000900013005001700022008004100039020001000080082001500090100001500105245007600120260004300196300000900239500003500248505002200283650002300305700001500328902000800343942000700351952010500358999001500463nice12345678IN_TiNIC20260116011431.0050524s1838 lona grp 000 0 eng  ac10000a220.7bIRW aIrwin, C H aUniversal Bible Commentary With an Introduction to Each Book of the Bib aLondonbReligious Tracts Societyc1838 a575p aincludes index and biblioraphy2 aAppendix, Indices aBible-Commentaries1 aIrwin, C H bSRS cBK 001040708REFaHMIbHMIcREFd2008-05-15g100.00l0o220.7 IRWp1770r2008-05-15w2026-01-16yARB c1489d1489